[Event "Titled Tuesday intern op 7th April"]
[Site "Chess.com INT"]
[Date "2020.04.07"]
[Round "1"]
[White "Ulanov, Alexandr"]
[Black "Hamley, Ryan"]
[Result "1-0"]
[WhiteElo "2463"]
[BlackElo "2089"]
[PlyCount "91"]
[EventDate "2020.04.07"]
[EventType "swiss (blitz)"]
[EventRounds "10"]
[EventCountry "USA"]
[SourceTitle "EXT 2021"]
[Source "ChessBase"]
[SourceDate "2020.10.23"]
[SourceVersion "1"]
[SourceVersionDate "2020.10.23"]
[SourceQuality "1"]

1. d4 Nf6 2. Nf3 e6 3. c4 d5 4. Nc3 Bb4 5. Qa4+ Nc6 6. Bg5 h6 7. Bxf6 Qxf6 8. e3 0-0 9. Rc1 Bd7 10. Qc2 Rad8 11. a3 Bxc3+ 12. Qxc3 g5 13. h3 Qg7 14. Be2 Rfe8 15. b4 Ne7 16. Ne5 c6 17. Bh5 Rf8 18. 0-0 Bc8 19. f4 f6 20. Nd3 Nf5 21. Rfe1 Ng3 22. Bf3 Ne4 23. Qc2 Kh8 24. Rf1 Ng3 25. Rfe1 Nf5 26. fxg5 hxg5 27. Qf2 e5 28. cxd5 cxd5 29. Bg4 Nd6 30. Bxc8 Rxc8 31. Rxc8 Rxc8 32. dxe5 fxe5 33. Qg3 Re8 34. Rf1 Ne4 35. Qg4 Kg8 36. Rf5 Re7 37. Nf2 Nxf2 38. Rxf2 Rf7 39. Qe6 Kf8 40. Qc8+ Ke7 41. Qxb7+ Ke6 42. Qc6+ Ke7 43. Qb7+ Ke6 44. Qa6+ Ke7 45. Qxa7+ Kf8 46. Qxf7+ 1-0

[Event "Titled Tuesday intern op1 3rd March  "]
[Site "Chess.com INT"]
[Date "2020.03.03"]
[Round "1"]
[White "Atakhan, Abtin"]
[Black "Ulanov, Alexandr"]
[Result "0-1"]
[WhiteElo "2294"]
[BlackElo "2463"]
[PlyCount "58"]
[EventDate "2020.03.03"]
[EventType "swiss (blitz)"]
[EventRounds "10"]
[EventCountry "USA"]
[SourceTitle "EXT 2021"]
[Source "ChessBase"]
[SourceDate "2020.10.23"]
[SourceVersion "1"]
[SourceVersionDate "2020.10.23"]
[SourceQuality "1"]

1. Nf3 Nf6 2. c4 c6 3. g3 g6 4. Bg2 Bg7 5. 0-0 0-0 6. b3 Ne4 7. d4 d5 8. Bb2 Bf5 9. Nbd2 Nd7 10. Nh4 e6 11. Nxf5 exf5 12. f3 Nxd2 13. Qxd2 Re8 14. Rae1 Nf6 15. Qd3 Qe7 16. Bc1 a5 17. Bf4 a4 18. c5 axb3 19. Qxb3 Nh5 20. Bd6 Bxd4+ 21. e3 Bxe3+ 22. Kh1 Qe6 23. Qxb7 d4 24. Qxc6 Rxa2 25. f4 Nf6 26. Bf3 Rc2 27. Qa4 Rd2 28. Be5 Ng4 29. Bxg4 fxg4 0-1

[Event "Titled Tuesday intern op1 3rd March  "]
[Site "Chess.com INT"]
[Date "2020.03.03"]
[Round "5"]
[White "Karwowski, Kacper"]
[Black "Ulanov, Alexandr"]
[Result "0-1"]
[WhiteElo "2190"]
[BlackElo "2463"]
[PlyCount "118"]
[EventDate "2020.03.03"]
[EventType "swiss (blitz)"]
[EventRounds "10"]
[EventCountry "USA"]
[SourceTitle "EXT 2021"]
[Source "ChessBase"]
[SourceDate "2020.10.23"]
[SourceVersion "1"]
[SourceVersionDate "2020.10.23"]
[SourceQuality "1"]

1. e4 d5 2. exd5 Qxd5 3. Nc3 Qd8 4. g3 Nf6 5. Bg2 c6 6. Nge2 Bg4 7. 0-0 e6 8. d4 Be7 9. Bf4 0-0 10. Qd2 Nbd7 11. Rfe1 Re8 12. h3 Bxe2 13. Qxe2 Nb6 14. b3 Qxd4 15. Be5 Qc5 16. a4 Nbd5 17. Ne4 Nxe4 18. Bxe4 Bf6 19. Bxf6 Nxf6 20. Bf3 Rad8 21. a5 a6 22. Ra4 h6 23. Rea1 Rd4 24. Rxd4 Qxd4 25. Rd1 Qc3 26. Kg2 Qxa5 27. c4 Rd8 28. Rxd8+ Qxd8 29. Qe5 Qe7 30. Qb8+ Kh7 31. Qf4 e5 32. Qf5+ g6 33. Qc8 Kg7 34. c5 e4 35. Be2 e3 36. f3 Qxc5 37. Qxb7 Qc1 38. Qxa6 Qe1 39. Qd3 Qf2+ 40. Kh1 Qe1+ 41. Kh2 Qf2+ 42. Kh1 Nd5 43. Qd1 Qxg3 44. Qg1 Qxh3+ 45. Qh2 Qxh2+ 46. Kxh2 f5 47. Kg3 f4+ 48. Kg4 Kf6 49. Bc4 h5+ 50. Kh3 Nc3 51. Kg2 g5 52. Kf1 Ke5 53. Ke1 g4 54. Bf7 gxf3 55. Bxh5 f2+ 56. Kf1 Ne4 57. b4 Ng3+ 58. Kg2 f1Q+ 59. Kh2 Qh1# 0-1

[Event "Titled Tuesday intern op1 3rd March  "]
[Site "Chess.com INT"]
[Date "2020.03.03"]
[Round "3"]
[White "Manukyan, Sargis V"]
[Black "Ulanov, Alexandr"]
[Result "0-1"]
[WhiteElo "2253"]
[BlackElo "2463"]
[PlyCount "94"]
[EventDate "2020.03.03"]
[EventType "swiss (blitz)"]
[EventRounds "10"]
[EventCountry "USA"]
[SourceTitle "EXT 2021"]
[Source "ChessBase"]
[SourceDate "2020.10.23"]
[SourceVersion "1"]
[SourceVersionDate "2020.10.23"]
[SourceQuality "1"]

1. d4 Nf6 2. c4 g6 3. Nc3 Bg7 4. e4 0-0 5. Nf3 d6 6. Be2 e5 7. 0-0 Nc6 8. d5 Ne7 9. Ne1 Nd7 10. Nd3 f5 11. f3 f4 12. Bd2 g5 13. g4 fxg3 14. hxg3 Ng6 15. Qc1 g4 16. fxg4 Nf6 17. Nf2 c6 18. Kg2 Bd7 19. Bg5 Rc8 20. Qe3 a6 21. a4 Qa5 22. Rad1 Qb4 23. Rd2 cxd5 24. Nxd5 Nxd5 25. Rxd5 Be6 26. Nd3 Qxa4 27. Rxf8+ Rxf8 28. Rxd6 Bxc4 29. Nc5 Qb5 30. Bxc4+ Qxc4 31. Qb3 Qxb3 32. Nxb3 Rc8 33. Rd2 Bf8 34. Be3 Ba3 35. Rc2 Rxc2+ 36. Kh3 Bxb2 37. Nc5 Bd4 38. Bxd4 exd4 39. Ne6 d3 40. g5 d2 41. Kg4 d1Q+ 42. Kf5 Qf3+ 43. Nf4 Rc5+ 44. Kf6 Qc3+ 45. Ke6 Qe5+ 46. Kd7 Rc7+ 47. Kd8 Qe7# 0-1

[Event "Titled Tuesday intern op1 3rd March  "]
[Site "Chess.com INT"]
[Date "2020.03.03"]
[Round "6"]
[White "Ulanov, Alexandr"]
[Black "Gadimbayli, Abdulla Azar"]
[Result "0-1"]
[WhiteElo "2463"]
[BlackElo "2470"]
[PlyCount "64"]
[EventDate "2020.03.03"]
[EventType "swiss (blitz)"]
[EventRounds "10"]
[EventCountry "USA"]
[SourceTitle "EXT 2021"]
[Source "ChessBase"]
[SourceDate "2020.10.23"]
[SourceVersion "1"]
[SourceVersionDate "2020.10.23"]
[SourceQuality "1"]

1. d4 d5 2. Nf3 Nc6 3. Bf4 Nf6 4. e3 Nh5 5. Bg3 Nxg3 6. hxg3 g6 7. c4 Bg7 8. cxd5 Qxd5 9. Nc3 Qd8 10. Bc4 e6 11. Qe2 Ne7 12. 0-0-0 c6 13. Bb3 a5 14. a3 b5 15. Ne4 a4 16. Ba2 0-0 17. Kb1 b4 18. axb4 Nd5 19. Qd2 Qb6 20. Rh4 e5 21. Nd6 exd4 22. Nxc8 Rfxc8 23. Bxd5 cxd5 24. Nxd4 a3 25. b3 a2+ 26. Ka1 Rc7 27. Rhh1 Rb7 28. Rc1 Qxb4 29. Qxb4 Rxb4 30. Rc3 Rxd4 31. exd4 Bxd4 32. Rhc1 Rc8 0-1

[Event "Titled Tuesday intern op1 3rd March  "]
[Site "Chess.com INT"]
[Date "2020.03.03"]
[Round "4"]
[White "Ulanov, Alexandr"]
[Black "Martinez Reyes, Pedro Ramon"]
[Result "1-0"]
[WhiteElo "2463"]
[BlackElo "2415"]
[PlyCount "67"]
[EventDate "2020.03.03"]
[EventType "swiss (blitz)"]
[EventRounds "10"]
[EventCountry "USA"]
[SourceTitle "EXT 2021"]
[Source "ChessBase"]
[SourceDate "2020.10.23"]
[SourceVersion "1"]
[SourceVersionDate "2020.10.23"]
[SourceQuality "1"]

1. d4 d5 2. Nf3 Nf6 3. e3 c5 4. dxc5 e6 5. c4 Bxc5 6. Nc3 0-0 7. cxd5 Nxd5 8. Nxd5 exd5 9. a3 Nc6 10. Bd3 Bg4 11. Qc2 Qe7 12. Bxh7+ Kh8 13. Bd3 Bxf3 14. gxf3 d4 15. e4 Ne5 16. f4 Nxd3+ 17. Qxd3 Rfe8 18. f3 Qh4+ 19. Kd1 Rac8 20. Bd2 Qh3 21. Rc1 Kg8 22. Qf1 Qh5 23. Qd3 Qh3 24. Rc2 Qe6 25. Kc1 Qa2 26. Kd1 Qb1+ 27. Bc1 Bb6 28. f5 Rc6 29. Kd2 Qa2 30. b4 Rxc2+ 31. Qxc2 Qa1 32. Rd1 d3 33. Qb3 Rc8 34. Bb2 1-0

[Event "Titled Tuesday intern op 3rd Sept"]
[Site "Chess.com INT"]
[Date "2019.09.03"]
[Round "5"]
[White "Cardoso Cardoso, Jose Gabriel"]
[Black "Ulanov, Alexandr"]
[Result "0-1"]
[WhiteElo "2313"]
[BlackElo "2463"]
[PlyCount "134"]
[EventDate "2019.09.03"]
[EventType "swiss (blitz)"]
[EventRounds "10"]
[EventCountry "USA"]
[SourceTitle "EXT 2021"]
[Source "ChessBase"]
[SourceDate "2020.10.23"]
[SourceVersion "1"]
[SourceVersionDate "2020.10.23"]
[SourceQuality "1"]

1. Nf3 Nf6 2. g3 d5 3. Bg2 c6 4. 0-0 Bg4 5. d3 Nbd7 6. Nbd2 e5 7. c4 d4 8. e3 Be7 9. exd4 exd4 10. b4 0-0 11. Bb2 Bxb4 12. Bxd4 Re8 13. h3 Bh5 14. Rb1 Bc5 15. Bc3 Qc7 16. Kh2 Rad8 17. Nb3 Bf8 18. Qc2 Bg6 19. Nh4 Ne5 20. Nxg6 hxg6 21. Rbd1 Ned7 22. d4 Nb6 23. Bb2 Qc8 24. Na5 Bb4 25. Bc3 Bxc3 26. Qxc3 Re7 27. Qb2 Qc7 28. c5 Nbd5 29. Nc4 b6 30. Nd6 Ne8 31. Nc4 Nef6 32. a4 Red7 33. Rb1 bxc5 34. dxc5 Ne7 35. Nd6 Nf5 36. Nc4 Rd4 37. Rbc1 Nd5 38. Kg1 Qe7 39. g4 Nf4 40. Rfe1 Qh4 41. Qc3 Rd3 42. Qc2 Nxh3+ 43. Kf1 Nf4 44. gxf5 Qh2 45. Ne3 Nxg2 46. Nxg2 Qh1+ 47. Ke2 Qxg2 48. Qxd3 Rxd3 49. Kxd3 gxf5 50. Rc2 Qd5+ 51. Ke2 Qe4+ 52. Kd2 Qxa4 53. Re8+ Kh7 54. Re3 Qd4+ 55. Rd3 Qxf2+ 56. Kc1 Qe1+ 57. Kb2 g5 58. Rd6 Qe5+ 59. Ka2 Qe4 60. Kb3 Kg7 61. Rcd2 g4 62. R6d4 Qe6+ 63. Kb4 Qe5 64. Rd6 a6 65. Rxc6 Qe4+ 66. Ka5 Qxc6 67. Rc2 Qb5# 0-1

[Event "Titled Tuesday intern op 3rd Sept"]
[Site "Chess.com INT"]
[Date "2019.09.03"]
[Round "1"]
[White "Ulanov, Alexandr"]
[Black "Piotrowski, Przemyslaw"]
[Result "1-0"]
[WhiteElo "2463"]
[BlackElo "2293"]
[PlyCount "79"]
[EventDate "2019.09.03"]
[EventType "swiss (blitz)"]
[EventRounds "10"]
[EventCountry "USA"]
[SourceTitle "EXT 2021"]
[Source "ChessBase"]
[SourceDate "2020.10.23"]
[SourceVersion "1"]
[SourceVersionDate "2020.10.23"]
[SourceQuality "1"]

1. d4 Nf6 2. Nf3 g6 3. Nbd2 Bg7 4. e4 d6 5. c3 0-0 6. Be2 e5 7. dxe5 dxe5 8. 0-0 Nbd7 9. Qc2 c6 10. Re1 Qc7 11. a4 a5 12. Nc4 b6 13. b4 axb4 14. cxb4 Ba6 15. Bb2 Ne8 16. Red1 Rd8 17. Rac1 Bxc4 18. Qxc4 c5 19. Qa6 Nb8 20. Qc4 Rxd1+ 21. Rxd1 Qe7 22. bxc5 bxc5 23. Ba3 Nd7 24. Qb5 Nef6 25. a5 Rb8 26. Qa4 Bf8 27. Bb5 Rd8 28. h3 Qe6 29. a6 Nb6 30. Rxd8 Nxa4 31. a7 Nb6 32. Bxc5 Nfd7 33. Bxd7 Qc4 34. Rxf8+ Kg7 35. Bxb6 Qc1+ 36. Kh2 Kxf8 37. a8Q+ Kg7 38. Qd5 Qf4+ 39. Kh1 Qc1+ 40. Ng1 1-0

[Event "Titled Tuesday intern op 3rd Sept"]
[Site "Chess.com INT"]
[Date "2019.09.03"]
[Round "4"]
[White "Ulanov, Alexandr"]
[Black "Swiercz, Dariusz"]
[Result "0-1"]
[WhiteElo "2463"]
[BlackElo "2667"]
[PlyCount "170"]
[EventDate "2019.09.03"]
[EventType "swiss (blitz)"]
[EventRounds "10"]
[EventCountry "USA"]
[SourceTitle "EXT 2021"]
[Source "ChessBase"]
[SourceDate "2020.10.23"]
[SourceVersion "1"]
[SourceVersionDate "2020.10.23"]
[SourceQuality "1"]

1. d4 Nf6 2. Nf3 d5 3. e3 e6 4. c4 b6 5. Nc3 Bb7 6. Be2 Nbd7 7. 0-0 Bd6 8. b3 0-0 9. Bb2 a6 10. Rc1 Qe7 11. h3 Rfe8 12. Qc2 Rac8 13. Rfe1 c5 14. dxc5 bxc5 15. Rcd1 Red8 16. Na4 Ne4 17. Bd3 f5 18. Be2 Bb8 19. Rd3 Ndf6 20. Red1 Bc6 21. Nc3 Qc7 22. Nb1 Qb7 23. Be5 Bxe5 24. Nxe5 Be8 25. Nc3 Qb8 26. Nf3 Bf7 27. Na4 a5 28. a3 h6 29. Qc1 g5 30. Nd2 h5 31. Nf1 g4 32. h4 Bg6 33. Nc3 Bf7 34. Nb5 g3 35. Nxg3 Nxg3 36. fxg3 Ne4 37. Bf3 Qxg3 38. Bxe4 fxe4 39. Rc3 Qxh4 40. Rf1 Qg5 41. Qe1 Be8 42. Qf2 Bxb5 43. Qf7+ Kh8 44. cxb5 Rg8 45. Rf2 Rcf8 46. Qxf8 Rxf8 47. Rxf8+ Kg7 48. Rf2 d4 49. exd4 cxd4 50. Rc7+ Kg6 51. Rcf7 d3 52. R2f6+ Qxf6 53. Rxf6+ Kxf6 54. Kf2 Ke5 55. Ke3 h4 56. Kd2 Kd5 57. Ke3 Kc5 58. a4 Kb6 59. Kd2 Kc7 60. Ke3 Kb6 61. Kd2 Kc5 62. Kc3 Kd5 63. Kd2 e5 64. Kc3 Kc5 65. Kd2 Kd6 66. Kc3 Ke6 67. Kd2 Kd6 68. Kc3 Kd5 69. Kd2 Kc5 70. Kc3 Kb6 71. Kd2 Kc7 72. Kc3 Kd6 73. Kd2 Kc5 74. Kc3 Kd5 75. Kd2 Kd4 76. b6 e3+ 77. Ke1 Kc3 78. b7 d2+ 79. Ke2 Kc2 80. b8Q d1Q+ 81. Kxe3 Qe1+ 82. Kf3 Qg3+ 83. Ke4 Qxg2+ 84. Kf5 Qf3+ 85. Ke6 Qxb3+ 0-1

[Event "Titled Tuesday intern op 4th June"]
[Site "Chess.com INT"]
[Date "2019.06.04"]
[Round "3"]
[White "Arman, Deniz"]
[Black "Ulanov, Alexandr"]
[Result "1-0"]
[WhiteElo "2367"]
[BlackElo "2463"]
[PlyCount "85"]
[EventDate "2019.06.04"]
[EventType "swiss (blitz)"]
[EventRounds "10"]
[EventCountry "USA"]
[SourceTitle "EXT 2021"]
[Source "ChessBase"]
[SourceDate "2020.10.23"]
[SourceVersion "1"]
[SourceVersionDate "2020.10.23"]
[SourceQuality "1"]

1. e4 Nc6 2. Nf3 d5 3. exd5 Qxd5 4. Nc3 Qa5 5. Bb5 Bd7 6. 0-0 a6 7. Bc4 Qh5 8. h3 0-0-0 9. d3 f6 10. b4 Nxb4 11. Rb1 e5 12. a3 Nc6 13. Be3 Nd4 14. Bxd4 exd4 15. Ne2 Bd6 16. Nexd4 Ne7 17. Ne6 Bxe6 18. Bxe6+ Kb8 19. Re1 Ng6 20. Qe2 Ka7 21. Qe3+ Bc5 22. d4 Bb6 23. c4 c6 24. Qb3 Qa5 25. c5 Nf4 26. Qxb6+ Qxb6 27. cxb6+ Kb8 28. Bc4 Rhe8 29. Rxe8 Rxe8 30. Re1 Rxe1+ 31. Nxe1 Kc8 32. Kh2 Kd7 33. g3 Ng6 34. f4 Ne7 35. Nd3 Kc8 36. Be6+ Kb8 37. Nc5 g6 38. g4 Ka8 39. Kg3 Kb8 40. a4 a5 41. Kf3 Ka8 42. Ke4 Kb8 43. g5 1-0

[Event "Titled Tuesday intern op 7th May"]
[Site "Chess.com INT"]
[Date "2019.05.07"]
[Round "2"]
[White "Ulanov, Alexandr"]
[Black "Gukesh, Dommaraju"]
[Result "1-0"]
[WhiteElo "2463"]
[BlackElo "2533"]
[PlyCount "79"]
[EventDate "2019.05.07"]
[EventType "swiss (blitz)"]
[EventRounds "10"]
[EventCountry "USA"]
[SourceTitle "EXT 2021"]
[Source "ChessBase"]
[SourceDate "2020.10.23"]
[SourceVersion "1"]
[SourceVersionDate "2020.10.23"]
[SourceQuality "1"]

1. d4 Nf6 2. Nf3 g6 3. Nbd2 d5 4. e3 Bg7 5. b4 0-0 6. c4 Nbd7 7. a4 e5 8. dxe5 Ng4 9. Ra3 Ndxe5 10. h3 Nxf3+ 11. Nxf3 Nf6 12. Be2 a5 13. bxa5 Rxa5 14. 0-0 dxc4 15. Qxd8 Rxd8 16. Bxc4 Ne4 17. Bd3 Nc3 18. Nd4 Nxa4 19. Bd2 Ra8 20. Rfa1 c5 21. Rxa4 Rxa4 22. Rxa4 cxd4 23. e4 Bd7 24. Ra7 Bc6 25. f4 Bf8 26. Kf2 Bc5 27. Ra1 b6 28. e5 Ra8 29. Rxa8+ Bxa8 30. g4 Bd5 31. f5 Kf8 32. Kg3 Ke8 33. Kf4 Bc6 34. Kg5 b5 35. Kh6 b4 36. Kxh7 gxf5 37. gxf5 b3 38. h4 b2 39. h5 Bb5 40. Bxb5+ 1-0

[Event "Titled Tuesday intern op 5th March"]
[Site "Chess.com INT"]
[Date "2019.03.05"]
[Round "9"]
[White "Jenni, Florian"]
[Black "Ulanov, Alexandr"]
[Result "0-1"]
[WhiteElo "2456"]
[BlackElo "2463"]
[PlyCount "110"]
[EventDate "2019.03.05"]
[EventType "swiss (blitz)"]
[EventRounds "10"]
[EventCountry "USA"]
[SourceTitle "EXT 2021"]
[Source "ChessBase"]
[SourceDate "2020.10.23"]
[SourceVersion "1"]
[SourceVersionDate "2020.10.23"]
[SourceQuality "1"]

1. e4 Nc6 2. Nf3 d5 3. exd5 Qxd5 4. Nc3 Qa5 5. Bb5 Bd7 6. 0-0 a6 7. Bxc6 Bxc6 8. Re1 Qh5 9. Ne5 Qxd1 10. Rxd1 e6 11. Nxc6 bxc6 12. b3 Nf6 13. Bb2 Be7 14. Ne2 0-0-0 15. f3 Kb7 16. Kf2 Bc5+ 17. d4 Be7 18. c4 Rhe8 19. g4 Nd7 20. Ng3 g6 21. f4 Bh4 22. Kf3 c5 23. Ne4 cxd4 24. Rxd4 f5 25. gxf5 exf5 26. Ng5 Bxg5 27. fxg5 Ne5+ 28. Kg3 Rxd4 29. Bxd4 Nc6 30. Bf6 Re3+ 31. Kf2 Rh3 32. Kg2 Rd3 33. Rf1 Rd2+ 34. Rf2 Rd1 35. h4 Nb4 36. Re2 Rd7 37. h5 Nd3 38. Kf3 Nc5 39. h6 Ne4 40. Kf4 Kc6 41. Ke5 Nc5 42. Re3 Nd3+ 43. Ke6 Nc5+ 44. Ke5 Rd2 45. Be7 Nd7+ 46. Ke6 f4 47. Rf3 Re2+ 48. Kf7 Ne5+ 49. Kg7 Nxf3 50. Bf6 Nxg5 51. Bxg5 f3 52. Bh4 f2 53. Bxf2 Rxf2 54. Kxh7 g5 55. Kg7 g4 0-1

[Event "Titled Tuesday intern op 5th March"]
[Site "Chess.com INT"]
[Date "2019.03.05"]
[Round "2"]
[White "Katz, Alexander R"]
[Black "Ulanov, Alexandr"]
[Result "0-1"]
[WhiteElo "2444"]
[BlackElo "2463"]
[PlyCount "144"]
[EventDate "2019.03.05"]
[EventType "swiss (blitz)"]
[EventRounds "10"]
[EventCountry "USA"]
[SourceTitle "EXT 2021"]
[Source "ChessBase"]
[SourceDate "2020.10.23"]
[SourceVersion "1"]
[SourceVersionDate "2020.10.23"]
[SourceQuality "1"]

1. e4 d5 2. exd5 Qxd5 3. Nc3 Qd8 4. d4 Nf6 5. Bc4 c6 6. Nf3 Bf5 7. 0-0 e6 8. Re1 Be7 9. Ne5 Nbd7 10. Qf3 Nxe5 11. dxe5 Nd7 12. Bf4 Bxc2 13. Re2 Bg6 14. Rd1 Qc7 15. Red2 Nb6 16. Bb3 0-0 17. Ne4 Nd5 18. Nd6 Rad8 19. Bg3 f6 20. Qe2 f5 21. Bxd5 exd5 22. Bf4 Kh8 23. Rc1 Bxd6 24. exd6 Qd7 25. h4 Rde8 26. Qf3 Re4 27. g3 Qf7 28. Qa3 a6 29. Kg2 h6 30. Rc3 Kg8 31. Re3 Rfe8 32. Rde2 d4 33. Rxe4 fxe4 34. Qb4 Qd5 35. Kh2 c5 36. Qb6 Bf5 37. Qc7 Qc6 38. Rd2 Qxc7 39. dxc7 Kf7 40. b4 b6 41. bxc5 bxc5 42. Bd6 e3 43. fxe3 dxe3 44. Re2 Bg4 45. Re1 c4 46. Bf4 e2 47. Kg2 Ke6 48. Kf2 Kd7 49. Rc1 Re4 50. Ke1 Rd4 51. Bd2 Kxc7 52. Rb1 Kc6 53. a4 Rd3 54. Rb4 Kc5 55. Rb7 Rxg3 56. Rc7+ Kd5 57. Kf2 Rf3+ 58. Kg2 Rf1 59. Rxg7 Bf3+ 60. Kg3 Rg1+ 61. Kxf3 Rxg7 62. Kxe2 h5 63. Bg5 Ke4 64. Kd2 Rb7 65. Kc3 Kd5 66. a5 Rb3+ 67. Kc2 Ra3 68. Bd8 Kc6 69. Kb2 Rb3+ 70. Kc2 Kb5 71. Bc7 Ra3 72. Bd8 Rxa5 0-1

[Event "Titled Tuesday intern op 5th March"]
[Site "Chess.com INT"]
[Date "2019.03.05"]
[Round "6"]
[White "Ulanov, Alexandr"]
[Black "Khoroshev, Nikita"]
[Result "1-0"]
[WhiteElo "2463"]
[BlackElo "2410"]
[PlyCount "135"]
[EventDate "2019.03.05"]
[EventType "swiss (blitz)"]
[EventRounds "10"]
[EventCountry "USA"]
[SourceTitle "EXT 2021"]
[Source "ChessBase"]
[SourceDate "2020.10.23"]
[SourceVersion "1"]
[SourceVersionDate "2020.10.23"]
[SourceQuality "1"]

1. d4 Nf6 2. Nf3 e6 3. c4 b6 4. g3 Ba6 5. Qc2 Bb4+ 6. Bd2 Be7 7. Bg2 0-0 8. 0-0 c6 9. Ne5 d5 10. cxd5 cxd5 11. Nc3 Nbd7 12. Nc6 Qe8 13. Qa4 Bb7 14. Bf4 a6 15. Rac1 Rc8 16. Nxe7+ Qxe7 17. Nb1 Nb8 18. Qb3 Nfd7 19. Rfd1 Nc6 20. Qd3 f5 21. h4 h6 22. Qe3 Rfe8 23. Rc3 b5 24. Rdc1 b4 25. R3c2 Kf7 26. Nd2 Na5 27. Rc7 Bc6 28. Rxc8 Rxc8 29. Nf3 Nc4 30. Qb3 Bb5 31. Bf1 a5 32. a4 Ba6 33. e3 Ke8 34. Qa2 b3 35. Qxb3 Qd8 36. Qa2 Bb7 37. b3 Ncb6 38. Qd2 Rxc1 39. Qxc1 Nc8 40. Bb5 Ke7 41. Bc7 Qg8 42. Bxa5 Nd6 43. Bb4 Qc8 44. Qxc8 Bxc8 45. Ne5 Nf6 46. Nc6+ Kd7 47. Na7+ Nxb5 48. Nxb5 Ne4 49. Kg2 Ba6 50. f3 Bxb5 51. axb5 Nf6 52. Bf8 Ne8 53. Kf2 Kc7 54. Bc5 Kb7 55. g4 g6 56. Bf8 h5 57. gxh5 gxh5 58. Kg3 Kb6 59. Kf4 Nf6 60. Be7 Ng8 61. Bc5+ Kxb5 62. Ke5 Nh6 63. Kxe6 Kc6 64. Bf8 Ng4 65. fxg4 hxg4 66. Bd6 f4 67. Bxf4 g3 68. Bxg3 1-0

[Event "Titled Tuesday intern op 2nd Febr"]
[Site "Chess.com INT"]
[Date "2019.02.05"]
[Round "1"]
[White "Ulanov, Alexandr"]
[Black "Gheorghiu, Calin"]
[Result "1-0"]
[WhiteElo "2463"]
[BlackElo "2300"]
[PlyCount "85"]
[EventDate "2019.02.05"]
[EventType "swiss (blitz)"]
[EventRounds "10"]
[EventCountry "USA"]
[SourceTitle "EXT 2021"]
[Source "ChessBase"]
[SourceDate "2020.10.23"]
[SourceVersion "1"]
[SourceVersionDate "2020.10.23"]
[SourceQuality "1"]

1. d4 Nf6 2. Nf3 e6 3. c4 d5 4. Nc3 Nbd7 5. g3 dxc4 6. Bg2 c6 7. 0-0 Bb4 8. Nd2 Nb6 9. e3 0-0 10. Qe2 Nfd5 11. Nxc4 Nxc3 12. bxc3 Bxc3 13. Rb1 Nxc4 14. Qxc4 Ba5 15. e4 Bc7 16. Rd1 Rb8 17. Ba3 Re8 18. d5 Qf6 19. d6 Bb6 20. d7 Qxf2+ 21. Kh1 Bxd7 22. Rxd7 Rbd8 23. Rdd1 Rd2 24. Rxd2 Qxd2 25. e5 Rd8 26. Bd6 Rd7 27. h4 Qe3 28. Kh2 g6 29. a4 Bd4 30. Rb3 Qg1+ 31. Kh3 h6 32. Rd3 Bf2 33. Qf4 Kh7 34. Rf3 Bb6 35. Bf8 g5 36. hxg5 Kg8 37. Bd6 h5 38. g6 fxg6 39. Qf8+ Kh7 40. Rf7+ Rxf7 41. Qxf7+ Kh6 42. Bf8+ Kg5 43. Qf6# 1-0

[Event "Titled Tuesday intern op 1st Jan"]
[Site "Chess.com INT"]
[Date "2019.01.01"]
[Round "1"]
[White "Ulanov, Alexandr"]
[Black "Cupid, Kevin"]
[Result "0-1"]
[WhiteElo "2463"]
[BlackElo "2125"]
[PlyCount "138"]
[EventDate "2019.01.01"]
[EventType "swiss (blitz)"]
[EventRounds "10"]
[EventCountry "USA"]
[SourceTitle "EXT 2021"]
[Source "ChessBase"]
[SourceDate "2020.10.23"]
[SourceVersion "1"]
[SourceVersionDate "2020.10.23"]
[SourceQuality "1"]

1. d4 Nf6 2. Nf3 e6 3. c4 Bb4+ 4. Bd2 Be7 5. g3 b6 6. Bg2 Ba6 7. Nc3 c6 8. Ne5 0-0 9. 0-0 d5 10. cxd5 cxd5 11. Rc1 Nfd7 12. Bf4 Nxe5 13. dxe5 Nd7 14. Re1 g5 15. Be3 Nxe5 16. Qa4 Bb7 17. Red1 Qe8 18. Qb3 Nc4 19. Bd4 Rd8 20. Qc2 e5 21. Nxd5 Bxd5 22. e4 Be6 23. Bc3 Rxd1+ 24. Rxd1 Qc8 25. b3 Na3 26. Qb2 f6 27. Bf1 a6 28. Rc1 Qb7 29. Qe2 Nb5 30. Bb2 Rc8 31. Re1 Bb4 32. Ra1 Bc3 33. Bxc3 Nxc3 34. Qd2 Nxe4 35. Qe3 Nc5 36. Rd1 Qc7 37. Qf3 Qf7 38. Bg2 Qe7 39. Qe3 Rd8 40. Rc1 a5 41. Qe2 Qf7 42. Qb5 Qd7 43. Qxb6 Nd3 44. Rf1 Bf5 45. Qxa5 Kg7 46. Qb6 Qd4 47. Qc7+ Rd7 48. Qb8 g4 49. a4 Nb4 50. a5 Na6 51. Qc8 Bd3 52. Rd1 Rc7 53. Qa8 Nb4 54. Re1 Qc3 55. Rd1 Qc2 56. Re1 Qd2 57. Ra1 Nc2 58. Qb8 Rf7 59. Qc8 Nxa1 60. Qxg4+ Qg5 61. Qd1 Rd7 62. Qxa1 Qd2 63. a6 Ra7 64. Bb7 e4 65. Kg2 Qe2 66. Qd4 Qf3+ 67. Kh3 Bf1+ 68. Kh4 Qf5 69. f4 Qh3# 0-1